Statistics for Soccer Players by Picture #2

Click here to take the quiz!

General Stats

  • This quiz has been taken 993 times
  • The average score is 13 of 15

Answer Stats

Answer% Correct
Luka Modrić
97%
Mohamed Salah
97%
Kevin de Bruyne
96%
Luis Suárez
96%
Ronaldo
96%
Wayne Rooney
96%
Mesut Özil
95%
Gianluigi Buffon
91%
Thierry Henry
89%
Arjen Robben
87%
Fernando Torres
75%
Samuel Eto'o
74%
Francesco Totti
67%
Bastian Schweinsteiger
64%
Éric Cantona
59%

Score Distribution

Percentile by Number Answered

Percent of People with Each Score

Your Score History

You have not taken this quiz